Vzájomná komparácia holokratického a byrokratického organizačného usporiadania v podnikoch

Enregistré dans:
Détails bibliographiques
Auteur principal: Skorková, Zuzana, 1979-
Format: Chapitre de livre
Langue:slovaque
anglais
Sujets:
Tags: Ajouter un tag
Pas de tags, Soyez le premier à ajouter un tag!

MARC

LEADER 00000naa$a2200000$$$4500
001 0290352
005 20240502074448.1
041 0 |a slo 
041 0 |a eng 
044 |a SK 
245 1 0 |a Vzájomná komparácia holokratického a byrokratického organizačného usporiadania v podnikoch  |c Zuzana Skorková 
500 |a Abstrakt 
610 2 0 |a byrokracia 
610 2 0 |a podnik 
610 2 0 |a riadenie 
610 2 0 |a zodpovednosť 
100 1 |a Skorková, Zuzana, 1979-